Nuevos escenarios, nuevas propuestas: reflexiones de intervención desde el género /
El artículo es una reflexión sobre los distintos modos en que se ha llevado a cabo la relación de los grupos de mujeres con los medios de comunicación, la manera en que ésta se ha modificado frente a los nuevos escenarios comunicacionales, las características de las nuevas estrategias, específicamen...
Salvato in:
| Autore principale: | |
|---|---|
| Natura: | testo |
| Soggetti: | |
| Tags: |
Aggiungi Tag
Nessun Tag, puoi essere il primo ad aggiungerne!!
|
MARC
| LEADER | 00000 a a2200000 04500 | ||
|---|---|---|---|
| 001 | 5521 | ||
| 003 | |||
| 040 | |||
| 100 | |a Silva, Uca | ||
| 245 | |a Nuevos escenarios, nuevas propuestas: |b reflexiones de intervención desde el género / |c Uca Silva | ||
| 520 | |a El artículo es una reflexión sobre los distintos modos en que se ha llevado a cabo la relación de los grupos de mujeres con los medios de comunicación, la manera en que ésta se ha modificado frente a los nuevos escenarios comunicacionales, las características de las nuevas estrategias, específicamente los monitoreos y los elementos a los que se debe estar atentas para no reproducir los mismos errores. REV/LCL | ||
| 650 | |a MUJERES | ||
| 650 | |a MEDIOS DE COMUNICACION | ||
| 650 | |a ORGANIZACIONES FEMENINAS | ||
| 650 | |a FEMINISMO | ||
| 650 | |a ANALISIS COMPARATIVO | ||
| 650 | |a ESTUDIOS DE CASOS | ||
| 650 | |a ANALISIS DE CONTENIDO | ||
| 650 | |a DIFUSION DE LA INFORMACION | ||
| 773 | |g número 30; páginas 11-22 | ||
| 999 | |c 21669 |d 21669 | ||
